ბათუმის შოთა რუსთაველის სახელმწიფო უნივერსიტეტის ბიბლიოთეკა

ჩანაწერი Topical Term

ჩანაწერთა რაოდენობა, რომელიც გამოყენებულია: 1

001 - CONTROL NUMBER

  • control field: 14390

003 - CONTROL NUMBER IDENTIFIER

  • control field: GE_BSU

005 - DATE AND TIME OF LATEST TRANSACTION

  • control field: 20220714113446.0

008 - FIXED-LENGTH DATA ELEMENTS

  • fixed length control field: 220714|| aca||aabn | a|a d

040 ## - CATALOGING SOURCE

  • Original cataloging agency: GE_BSU
  • Transcribing agency: GE_BSU

150 ## - HEADING--TOPICAL TERM

  • Topical term or geographic name entry element: Social sciences
  • General subdivision: Statistical methods
  • General subdivision: Computer programs
  • Form subdivision: Handbooks, manuals, etc.

670 ## - SOURCE DATA FOUND

  • Source citation: Work cat.: (GE_BSU)0: Cronk, Brian C. (Brian Christopher), author. 14388, How to use SPSS :